000 00314nab a22001097u 4500
008 130520b1988 xxu||||| |||| 00| 0 spa d
041 _aspa
100 1 _aErbe, M.
_967439
245 0 0 _aLa conquista de Sajonia por Carlomagno
_cM. Erbe
773 0 _tConcilium
_gV.2,1988,págs.475-480
_x0210-1041
_wRev134
942 _cAR
999 _c355407
_d355407